LEADER 01564oas 22005172 450 001 9910404558703321 005 20241213213018.0 035 $a(OCoLC)1081175051 035 $a(CONSER) 2019201509 035 $a(CKB)4100000011312256 035 $a(EXLCZ)994100000011312256 100 $a20190108a20199999 uy a 101 0 $aeng 135 $aur||||||||||| 181 $ctxt$2rdacontent 182 $cc$2rdamedia 183 $acr$2rdacarrier 200 10$aJournal of boundary and ocean studies 210 1$aBuffalo, New York :$cWilliam S. Hein & Co. 300 $aFrom the publisher: "The English version is of selected articles from the Chinese version and will publish 2 issues a year." 311 08$a2641-2535 517 1 $aJournal of boundary & ocean studies 606 $aTerritorial waters$vPeriodicals 606 $aBoundaries$vPeriodicals 606 $aBoundaries$2fast$3(OCoLC)fst00837076 606 $aTerritorial waters$2fast$3(OCoLC)fst01148085 606 $aEaux territoriales$vPe?riodiques 606 $aFrontie?res$vPe?riodiques 608 $aPeriodicals.$2fast 615 0$aTerritorial waters 615 0$aBoundaries 615 7$aBoundaries. 615 7$aTerritorial waters. 615 6$aEaux territoriales 615 6$aFrontie?res 801 0$bDLC 801 1$bDLC 801 2$bDKU 801 2$bOCLCO 801 2$bOCLCF 801 2$bVT2 801 2$bAUD 906 $aJOURNAL 912 $a9910404558703321 996 $aJournal of boundary and ocean studies$92291794 997 $aUNINA